Technology Entrepreneurship Insights in New Technology-Based Firms, Research Spin-Offs and Corporate Environments

Gespeichert in:
Bibliographische Detailangaben
Weitere Verfasser: Presse, André
Format: Buch
Veröffentlicht: 2018, ppb.
Tags: Tag hinzufügen
Keine Tags, Fügen Sie das erste Tag hinzu!

MARC

LEADER 00000nam a2200000 4500
001 0279539
005 20240822101717.4
020 |a 9783319735108 
245 1 0 |a Technology Entrepreneurship  |b Insights in New Technology-Based Firms, Research Spin-Offs and Corporate Environments  |c ed. André Presse 
264 1 |c 2018, ppb. 
700 1 |a Presse, André